[Event "39th Olympiad Women"]
[Site "Khanty-Mansiysk RUS"]
[Date "2010.09.29"]
[Round "8"]
[White "Sultana, Sharmin Shirin"]
[Black "Partac, Elena"]
[Result "0-1"]
[BlackTitle "WGM"]
[WhiteElo "1984"]
[BlackElo "2087"]
[Board "34.2"]
[WhiteTeam "BAN"]
[BlackTeam "MDA"]
[WhiteFideId "10204482"]
[BlackFideId "13901001"]
[EventDate "2010.09.21"]
[EventType "team"]

1. d4 f5 2. c4 Nf6 3. Nc3 g6 4. Nf3 Bg7 5. Bf4 O-O 6. e3 d6 7. Qc2 c6 8. Bd3 Qe8
9. d5 Na6 10. a3 Nc5 11. Be2 Nfe4 12. Nxe4 fxe4 13. Nd2 Qf7 14. O-O Bf5 15. g4
g5 16. Bxg5 Qg6 17. Bxe7 Bxg4 18. Bxg4 Qxg4+ 19. Kh1 Nd3 20. Bxf8 Rxf8 21. f3
exf3 22. Nxf3 Qe4 23. Qg2 Qxe3 24. Rab1 Rf6 25. dxc6 bxc6 26. b4 Rg6 27. Qd2 Bd4
28. Rbe1 Qxd2 29. Nxd2 Nf2+ 30. Rxf2 Bxf2 31. Rd1 Rg4 32. Nf3 Rxc4 33. Rxd6 Rc3
34. Kg2 Be3 35. Ne5 Bf4 36. Rd8+ Kg7 37. Rd7+ Kf6 38. Nd3 Ke6 39. Rd4 Bd6 40.
Nf2 Rxa3 41. Rh4 Ra2 42. Kf3 Rb2 43. Rh6+ Kd5 44. Rh5+ Kc4 45. Rh4+ Kb5 46. Rxh7
Rxb4 47. Nd3 Rb3 48. Ke4 Kb6 49. Rh6 Bc7 50. Kd4 a5 51. Kc4 Rb1 52. Kc3 a4 53.
h4 a3 54. Nb4 Rxb4 55. Kxb4 a2 0-1

[Event "39th Olympiad Women"]
[Site "Khanty-Mansiysk RUS"]
[Date "2010.09.29"]
[Round "8"]
[White "Smokina, Karolina"]
[Black "Hamid, Rani"]
[Result "1-0"]
[WhiteTitle "WGM"]
[BlackTitle "WIM"]
[WhiteElo "2170"]
[BlackElo "1986"]
[Board "34.3"]
[WhiteTeam "MDA"]
[BlackTeam "BAN"]
[WhiteFideId "13900382"]
[BlackFideId "10200096"]
[EventDate "2010.09.21"]
[EventType "team"]

1. d4 Nf6 2. c4 e6 3. Nc3 Bb4 4. e3 b6 5. a3 Bxc3+ 6. bxc3 Bb7 7. f3 O-O 8. Bd3
d6 9. Ne2 c5 10. O-O Nc6 11. f4 Na5 12. Ng3 Ba6 13. Qe2 d5 14. cxd5 Bxd3 15.
Qxd3 c4 16. Qc2 exd5 17. f5 Re8 18. Rf4 Nb3 19. Rb1 Qe7 20. Nf1 Ne4 21. Bb2 Rad8
22. Re1 Rd6 23. Qe2 Rh6 24. Qg4 Nf6 25. Qf3 Qd6 26. Re2 Ne4 27. h3 b5 28. Rc2 a5
29. Nh2 b4 30. axb4 axb4 31. Ng4 Rh4 32. cxb4 Qxb4 33. Bc3 Nxc3 34. Nf6+ gxf6
35. Qg3+ Kh8 36. Qxh4 Ne4 37. Rg4 Ng5 38. Qh6 Qe7 39. h4 Qxe3+ 40. Kh1 Qe7 41.
hxg5 fxg5 42. f6 Qf8 43. Qxg5 Re1+ 44. Kh2 Re6 45. Rc3 h6 46. Rh3 Kh7 47. Qg7+ 1-0

[Event "39th Olympiad Women"]
[Site "Khanty-Mansiysk RUS"]
[Date "2010.09.30"]
[Round "9"]
[White "Shamima, Akter Liza"]
[Black "Perez, Eneida"]
[Result "1-0"]
[WhiteTitle "WFM"]
[BlackTitle "WFM"]
[WhiteElo "2160"]
[BlackElo "2099"]
[Board "42.1"]
[WhiteTeam "BAN"]
[BlackTeam "DOM"]
[WhiteFideId "10202587"]
[BlackFideId "602795"]
[EventDate "2010.09.21"]
[EventType "team"]

1. d4 d5 2. c4 e6 3. Nc3 f5 4. g3 c6 5. Bg2 Bd6 6. Nf3 Nf6 7. O-O O-O 8. b3 Ne4
9. Qc2 Nd7 10. a4 Qe7 11. Nb1 Ndf6 12. Ba3 Bxa3 13. Rxa3 Bd7 14. c5 Be8 15. Ne5
Nd7 16. Nxd7 Qxd7 17. f3 Nf6 18. Nd2 Bh5 19. Qd3 Rae8 20. b4 Qe7 21. f4 Nd7 22.
Nb3 b6 23. Rc1 Nb8 24. Ra2 Kh8 25. e3 g5 26. b5 gxf4 27. exf4 Rc8 28. Re1 Qf6
29. Qe3 Rfe8 30. Bf1 Re7 31. Rc2 Be8 32. Bd3 Bd7 33. Nd2 bxc5 34. dxc5 Rce8 35.
Nf3 Bc8 36. Ne5 Bb7 37. Qd4 Qg7 38. Qe3 Kg8 39. Rce2 Kf8 40. Qd4 Kg8 41. Qb4 Kf8
42. Qa5 Ba8 43. b6 Nd7 44. Qb4 Nxe5 45. Rxe5 h5 46. a5 h4 47. Kg2 axb6 48. axb6
Qg4 49. Be2 Qg6 50. Kf2 hxg3+ 51. hxg3 Rh7 52. Rg1 Rh2+ 53. Rg2 Rxg2+ 54. Kxg2
Bb7 55. Qd4 Re7 56. Qe3 Bc8 57. g4 Rh7 58. g5 Rh8 59. b7 Bxb7 60. Rxe6 d4 61.
Qe5 1-0

[Event "39th Olympiad Women"]
[Site "Khanty-Mansiysk RUS"]
[Date "2010.09.30"]
[Round "9"]
[White "Jose Polanco, Kenia"]
[Black "Sultana, Sharmin Shirin"]
[Result "0-1"]
[WhiteElo "1997"]
[BlackElo "1984"]
[Board "42.2"]
[WhiteTeam "DOM"]
[BlackTeam "BAN"]
[WhiteFideId "6401074"]
[BlackFideId "10204482"]
[EventDate "2010.09.21"]
[EventType "team"]

1. d4 d5 2. Nf3 Nf6 3. h3 Bf5 4. Bf4 e6 5. e3 Bd6 6. Ne5 Nfd7 7. Nf3 Bxf4 8.
exf4 c5 9. Bd3 Qf6 10. Bxf5 Qxf5 11. Qd2 cxd4 12. Nxd4 Qe4+ 13. Kf1 Nc6 14. Nb5
O-O 15. N1c3 Qc4+ 16. Qe2 Qxf4 17. Rd1 a6 18. Na3 b5 19. Nab1 Nf6 20. Qd2 Qc7
21. Qe2 b4 22. Na4 Qa5 23. b3 e5 24. Nd2 e4 25. Qe3 d4 26. Qf4 e3 27. fxe3 Nd5
28. Nc4 Qb5 29. Qf3 Nxe3+ 30. Kg1 Nxc4 31. bxc4 Qxa4 32. Kh2 Rae8 33. Rhf1 Ne5
34. Qd5 Qc6 35. Rxd4 Qxd5 36. cxd5 Rd8 37. Rf5 f6 38. Rf2 a5 39. a3 Rb8 40. d6
Rfd8 41. Rfd2 Kf7 42. Rd1 Rb6 43. axb4 axb4 44. Rb1 Rdxd6 45. Rxd6 Rxd6 46. Rxb4
Rc6 47. Rb2 Rc3 48. h4 h5 49. Kg1 Ng4 50. Rb5 Kg6 51. Rb2 Ne3 52. Rb3 Nd1 53.
Rxc3 Nxc3 54. Kf2 Kf5 55. Ke3 Kg4 56. Kd4 Nb5+ 57. Kc5 Na3 58. c3 Kxh4 59. Kb4
Nc2+ 60. Kb3 Ne3 0-1

[Event "39th Olympiad Women"]
[Site "Khanty-Mansiysk RUS"]
[Date "2010.09.30"]
[Round "9"]
[White "Hamid, Rani"]
[Black "Hazim, Elizabeth"]
[Result "0-1"]
[WhiteTitle "WIM"]
[WhiteElo "1986"]
[BlackElo "1858"]
[Board "42.3"]
[WhiteTeam "BAN"]
[BlackTeam "DOM"]
[WhiteFideId "10200096"]
[BlackFideId "6400183"]
[EventDate "2010.09.21"]
[EventType "team"]

1. e4 c5 2. Nf3 Nc6 3. d4 cxd4 4. Nxd4 Nf6 5. Nc3 e5 6. Ndb5 d6 7. Bg5 a6 8. Na3
Be6 9. Nc4 Rc8 10. Ne3 Be7 11. Bd3 O-O 12. O-O g6 13. Bh6 Re8 14. Ncd5 Bxd5 15.
exd5 Nb8 16. c4 Nh5 17. Nf5 Bf6 18. Be3 Ng7 19. Nh6+ Kf8 20. Qf3 Rc7 21. Bb6 Nd7
22. Bxc7 Qxc7 23. Rfe1 Re7 24. Qh3 Bg5 25. Nxf7 Rxf7 26. Qxh7 Nf6 27. Qh8+ Ng8
28. Bxg6 Rf6 29. Bh7 Qf7 30. g3 Bd2 31. Re2 Ba5 32. Kg2 Rh6 33. Qxg8+ Qxg8 34.
Bxg8 Kxg8 35. a3 Nf5 36. b4 Bb6 37. c5 Bc7 38. Re4 Ne7 39. Rd1 0-1

[Event "39th Olympiad Women"]
[Site "Khanty-Mansiysk RUS"]
[Date "2010.09.30"]
[Round "9"]
[White "Munoz, Doribel"]
[Black "Begum, Masuda"]
[Result "0-1"]
[WhiteElo "1931"]
[BlackElo "1902"]
[Board "42.4"]
[WhiteTeam "DOM"]
[BlackTeam "BAN"]
[WhiteFideId "6400574"]
[BlackFideId "10200878"]
[EventDate "2010.09.21"]
[EventType "team"]

1. d4 d5 2. Nf3 Nf6 3. g3 c6 4. Bg2 Bf5 5. O-O e6 6. Nc3 Bd6 7. Nh4 Bg6 8. Nxg6
hxg6 9. Bg5 Qc7 10. e4 Nxe4 11. Nxe4 dxe4 12. Bxe4 Nd7 13. Qd3 Qa5 14. h4 Be7
15. Bd2 Qh5 16. Bf3 Qh7 17. Kg2 O-O-O 18. Bf4 e5 19. dxe5 Nxe5 20. Qe3 Nxf3 21.
Qxe7 Rd7 22. Qe3 g5 23. Bxg5 Nxg5 24. Qxg5 Qe4+ 25. Kg1 f6 26. Qe3 Qg4 27. Qxa7
Rxh4 28. Qa8+ Kc7 29. Qa5+ Kb8 30. Rfe1 Rh8 31. Kg2 Rd5 32. Qc3 Qh3+ 33. Kf3
Qh5+ 34. Kg2 Qh2+ 35. Kf3 Rf5+ 36. Ke4 Qxf2 37. Rf1 Re8+ 38. Kd3 Qe3+ 0-1

[Event "39th Olympiad Women"]
[Site "Khanty-Mansiysk RUS"]
[Date "2010.10.01"]
[Round "10"]
[White "Jennitha, Anto K."]
[Black "Shamima, Akter Liza"]
[Result "1/2-1/2"]
[BlackTitle "WFM"]
[WhiteElo "1966"]
[BlackElo "2160"]
[Board "36.1"]
[WhiteTeam "IPCA"]
[BlackTeam "BAN"]
[WhiteFideId "5018218"]
[BlackFideId "10202587"]
[EventDate "2010.09.21"]
[EventType "team"]

1. e4 c5 2. Nf3 e6 3. d4 cxd4 4. Nxd4 Nc6 5. Nc3 Qc7 6. Be2 a6 7. a3 Nf6 8. Be3
b5 9. Nxc6 dxc6 10. f4 Bb7 11. O-O Rd8 12. Qe1 h5 13. Rd1 c5 14. Rxd8+ Qxd8 15.
e5 Ng4 16. Bf3 Bxf3 17. gxf3 Nh6 18. Qf2 Qc7 19. Ne4 c4 20. Bc5 Nf5 21. Rd1 Be7
22. Bxe7 Kxe7 23. Qc5+ Qxc5+ 24. Nxc5 Ra8 25. Kf2 Ra7 26. Ne4 a5 27. Nd6 Nxd6
28. Rxd6 Rd7 29. Rxd7+ Kxd7 30. Ke3 Kc6 31. Kd4 g6 32. b3 cxb3 33. cxb3 h4 34.
h3 Kb6 35. b4 a4 1/2-1/2

[Event "39th Olympiad Women"]
[Site "Khanty-Mansiysk RUS"]
[Date "2010.10.01"]
[Round "10"]
[White "Sultana, Sharmin Shirin"]
[Black "Zykina, Nadezhda"]
[Result "1-0"]
[BlackTitle "WFM"]
[WhiteElo "1984"]
[BlackElo "2103"]
[Board "36.2"]
[WhiteTeam "BAN"]
[BlackTeam "IPCA"]
[WhiteFideId "10204482"]
[BlackFideId "24150789"]
[EventDate "2010.09.21"]
[EventType "team"]

1. d4 Nf6 2. c4 e5 3. dxe5 Ng4 4. Bf4 g5 5. Bg3 Bg7 6. Nf3 Nc6 7. Nc3 Ngxe5 8.
Nxe5 Nxe5 9. Qd5 Qe7 10. c5 f5 11. f4 Ng6 12. fxg5 f4 13. Bf2 c6 14. Qd2 Ne5 15.
e4 Qxg5 16. O-O-O Qg6 17. h3 Qe6 18. Kb1 O-O 19. Bd4 b5 20. Be2 a5 21. Rhf1 a4
22. Bg4 Nxg4 23. Bxg7 Kxg7 24. hxg4 Qxg4 25. Ne2 b4 26. Nxf4 Ba6 27. Rf3 Kg8 28.
Qe1 Kh8 29. Qe3 Rae8 30. Rh1 Rf7 31. Qd4+ Qg7 32. Qd6 a3 33. e5 Bc4 34. b3 Be6
35. Nxe6 Qg6+ 36. Ka1 Rxf3 37. gxf3 Rxe6 1-0

[Event "39th Olympiad Women"]
[Site "Khanty-Mansiysk RUS"]
[Date "2010.10.01"]
[Round "10"]
[White "Kaydanovich, Marina"]
[Black "Khan, Nazrana"]
[Result "0-1"]
[WhiteElo "1837"]
[BlackElo "2009"]
[Board "36.3"]
[WhiteTeam "IPCA"]
[BlackTeam "BAN"]
[WhiteFideId "4134877"]
[BlackFideId "10201734"]
[EventDate "2010.09.21"]
[EventType "team"]

1. e4 c5 2. Nf3 e6 3. d4 cxd4 4. Nxd4 Nc6 5. Nc3 Qc7 6. Be3 a6 7. Be2 Nf6 8. O-O
Bb4 9. f3 O-O 10. Na4 b5 11. Nxc6 Qxc6 12. a3 Be7 13. Nc3 Bb7 14. e5 Ng4 15. Bd4
f5 16. h3 Nh6 17. Rf2 Rad8 18. b4 d6 19. f4 Bh4 20. Rf3 dxe5 21. fxe5 Nf7 22.
Bf1 Nxe5 23. Re3 Nc4 24. Qd3 e5 25. Rxe5 Nxe5 26. Qe3 Nc4 27. Qd3 Bf6 0-1

[Event "39th Olympiad Women"]
[Site "Khanty-Mansiysk RUS"]
[Date "2010.10.01"]
[Round "10"]
[White "Begum, Masuda"]
[Black "Kurochkina, Elena"]
[Result "1/2-1/2"]
[WhiteElo "1902"]
[BlackElo "1821"]
[Board "36.4"]
[WhiteTeam "BAN"]
[BlackTeam "IPCA"]
[WhiteFideId "10200878"]
[BlackFideId "24145890"]
[EventDate "2010.09.21"]
[EventType "team"]

1. d4 d5 2. Nf3 Nf6 3. c4 e6 4. Nc3 Be7 5. e3 O-O 6. Bd3 b6 7. O-O Bb7 8. b3
Nbd7 9. Bb2 Re8 10. Rc1 c5 11. Bb1 cxd4 12. exd4 Bf8 13. Re1 Rc8 14. Ne5 dxc4
15. bxc4 a6 16. Qb3 Qc7 17. Ne2 Bd6 18. Qg3 Nf8 19. Nf4 Red8 20. a3 Ne8 21. Qg4
Nf6 22. Qg3 Ng6 23. Nfxg6 hxg6 24. Qh3 a5 25. Re3 Bxe5 26. Rxe5 Rd5 27. f4 Nh5
28. Qe3 Rxe5 29. fxe5 Qc6 30. Qd2 Nf4 31. d5 Qc5+ 32. Kf1 g5 33. h4 Ba6 34. Bd4
Bxc4+ 35. Kf2 Qxd5 36. Kg3 Ne2+ 37. Qxe2 Qxd4 38. hxg5 g6 39. Qe4 Qxe4 40. Bxe4
Rc5 41. Kf4 Kf8 42. g3 Ke7 43. Bb7 Bd5 44. Rxc5 bxc5 45. Ba6 c4 46. Ke3 Kd7 47.
Bb5+ Bc6 48. Bxc4 Ba4 49. Kd4 Kc6 50. Bd3 Kb6 51. Be2 Bb5 52. Bd1 Bc6 53. Be2
Bb5 1/2-1/2

[Event "39th Olympiad Women"]
[Site "Khanty-Mansiysk RUS"]
[Date "2010.10.03"]
[Round "11"]
[White "Leite, Catarina"]
[Black "Shamima, Akter Liza"]
[Result "1/2-1/2"]
[WhiteTitle "WIM"]
[BlackTitle "WFM"]
[WhiteElo "2183"]
[BlackElo "2160"]
[Board "30.1"]
[WhiteTeam "POR"]
[BlackTeam "BAN"]
[WhiteFideId "1901222"]
[BlackFideId "10202587"]
[EventDate "2010.09.21"]
[EventType "team"]

1. e4 c5 2. c3 d5 3. exd5 Qxd5 4. d4 Nf6 5. Nf3 e6 6. Bd3 cxd4 7. cxd4 Nc6 8.
Nc3 Qa5 9. O-O Be7 10. a3 a6 11. Be3 O-O 12. Rc1 Rd8 13. Qc2 h6 14. Rfe1 Bd7 15.
Qb3 Be8 16. Bb1 Rac8 17. Qc2 Bf8 18. Ne4 Nxe4 19. Qxe4 g6 20. Qh4 Rd5 21. g4 Qd8
22. Qg3 Bg7 23. Be4 Rb5 24. b4 Ne7 25. Rxc8 Qxc8 26. Rc1 Qd8 27. Qc7 Qxc7 28.
Rxc7 Nd5 29. Rc8 Kf8 30. Bc2 Nb6 31. Rb8 Nd7 32. Rc8 Nb6 33. Rc5 Bc6 34. Nd2
Rxc5 35. dxc5 Nd5 36. Be4 Ke7 37. Bg2 Kd7 38. Nc4 Nxe3 39. fxe3 Bxg2 40. Kxg2
Kc6 41. Kf3 Bc3 42. Ke4 f5+ 43. gxf5 exf5+ 44. Kd3 Bg7 45. a4 h5 46. Na5+ Kc7
47. Nc4 Kc6 48. h3 h4 49. Nd2 a5 50. Kc4 axb4 51. Kxb4 Bf8 52. Nb3 b6 53. Kc4
bxc5 54. Nd2 Bh6 55. Nf3 g5 56. Ne5+ Kb6 57. Nf3 g4 58. Nxh4 gxh3 59. Nxf5 h2
60. Ng3 Bxe3 61. Kd3 Bg1 62. Ke2 Ka5 63. Kf1 c4 64. Kg2 c3 65. Ne2 c2 66. Nc1
Kxa4 67. Ne2 Ka3 68. Nc1 Kb2 69. Ne2 Kb3 70. Kh1 Kc4 71. Kg2 Kd3 72. Nc1+ Kc3
73. Na2+ Kd2 74. Kh1 Ke2 75. Kg2 Kd2 76. Kh1 1/2-1/2

[Event "39th Olympiad Women"]
[Site "Khanty-Mansiysk RUS"]
[Date "2010.10.03"]
[Round "11"]
[White "Pintor, Ariana"]
[Black "Khan, Nazrana"]
[Result "1/2-1/2"]
[WhiteTitle "WFM"]
[WhiteElo "2110"]
[BlackElo "2009"]
[Board "30.3"]
[WhiteTeam "POR"]
[BlackTeam "BAN"]
[WhiteFideId "1902806"]
[BlackFideId "10201734"]
[EventDate "2010.09.21"]
[EventType "team"]

1. e4 c5 2. Nf3 e6 3. Nc3 Nc6 4. d4 cxd4 5. Nxd4 Nf6 6. g3 Bb4 7. Bg2 Qa5 8. O-O
O-O 9. Nb3 Qd8 10. Be3 Bxc3 11. bxc3 d5 12. Qe2 Nxe4 13. Bxe4 dxe4 14. Bc5 Re8
15. Rfd1 Qg5 16. Qxe4 e5 17. Be3 Qf5 18. Nc5 Qxe4 19. Nxe4 Bg4 20. Rd6 Na5 21.
Nd2 Be6 22. a4 b6 23. c4 Bxc4 24. Nxc4 Nxc4 25. Rd7 Nxe3 26. fxe3 Red8 27. Rad1
Rxd7 28. Rxd7 f6 29. Rc7 Rd8 30. h4 h5 31. Kf2 Rd5 32. Kf3 Ra5 33. Rc4 a6 34.
Rb4 b5 35. axb5 Rxb5 36. Rxb5 axb5 37. Ke4 Kf7 38. Kd5 b4 39. Kc4 Ke6 40. Kxb4
g5 41. Kc4 f5 42. Kd3 g4 43. c4 Kd6 44. e4 f4 45. gxf4 exf4 46. Ke2 Kd7 47. Kf2 1/2-1/2

[Event "39th Olympiad Women"]
[Site "Khanty-Mansiysk RUS"]
[Date "2010.10.03"]
[Round "11"]
[White "Begum, Masuda"]
[Black "Ferreira, Ana Margarida"]
[Result "1-0"]
[WhiteElo "1902"]
[BlackElo "1816"]
[Board "30.4"]
[WhiteTeam "BAN"]
[BlackTeam "POR"]
[WhiteFideId "10200878"]
[BlackFideId "1907000"]
[EventDate "2010.09.21"]
[EventType "team"]

1. d4 Nf6 2. c4 g6 3. Nc3 d5 4. Nf3 Bg7 5. Bf4 O-O 6. cxd5 Nxd5 7. Nxd5 Qxd5 8.
Bxc7 Nc6 9. e3 Bg4 10. a3 Rac8 11. Bg3 e5 12. dxe5 Qa5+ 13. b4 Qb6 14. Be2 Rfd8
15. Qb1 Bxf3 16. gxf3 Nxe5 17. O-O Nc4 18. Bxc4 Bxa1 19. Bxf7+ Kxf7 20. Qxa1 Qf6
21. Qa2+ Qe6 22. Qb2 Qd5 23. Kg2 g5 24. e4 Qe6 25. h3 h5 26. Re1 Rd3 27. a4 Rcc3
28. Rc1 Qf6 29. Qa2+ Kf8 30. Rxc3 Qxf3+ 31. Kh2 Rxc3 32. Bd6+ Ke8 33. Qe6+ Kd8
34. Qe7+ 1-0